Eucharistia v náuke cirkevných otcov

Bibliographic Details
Main Author: Švec, Ernest (Author)
Format: Article
Language:Slovak
ISSN:0139-861X
Subjects:

MARC

LEADER 00000nab a2200000 a 4500
001 vtls008427626
003 SK-MaSNL
005 20260426041435.0
008 140328c2005 xo mr|p|||||||000 b|slo
015 |a SNBRB2006/02  |2 snkbucl 
038 |a SNKBUCL 
040 |a SNKBUCL  |b slo  |c SNKBUCL  |e AACR2 
041 0 |a slo 
044 |a xo  |c SK 
080 |a 264(091)  |2 1997 
100 1 |a Švec, Ernest  |4 aut  |9 410641 
245 1 0 |a Eucharistia v náuke cirkevných otcov  |c Ernest Švec 
650 0 7 |a eucharistia  |c irkevný otcovia  |x dejiny  |2 snkbucl  |9 23061 
773 0 |t Duchovný pastier  |g Roč. 86, č. 2 (2005), s. 62-69  |x 0139-861X 
852 |a SNK  |b KIS3GCP 
958 |a NT 
999 |c 1753533  |d 1755463